00366nam a22001337a 450000500170000000800410001704100130005808200130007110000130008424500400009726000380013730000320017565000250020720240829085814.0240829b |||||||| |||| 00| 0 eng d aEnglish  a349 LAW  lEnglish  aThe Laws of South West Africa 1926  aWindhoek: bBy Authority, c1926  bxxiii, 543 pages; c25 cm.  aLegal practice bLaw